000 00444nam a2200157 i 4500
001 20972
003 ES-MaACL
005 20230906152408.0
007 t|
008 021119s1955 sp ||||1| spa d
100 1 _aAlarcón Benito, Juan.
_919136
245 1 3 _aEl juicio final
_b: ensayo /
_cJuan Alarcón Benito.
260 _aMadrid :
_b[s.n.,
_c1955] (
_fGráf. Expres)
300 _a127 p. ;
_c18 cm.
852 _aES-MaACL
_jC-20696
_bR.37748
999 _c20972
_d20972